[Event "Fourmies op 21st"]
[Site "Fourmies"]
[Date "1997.??.??"]
[Round "4"]
[White "Raetsky, Alexander"]
[Black "Gurevich, Mikhail"]
[Result "0-1"]
[WhiteElo "2440"]
[BlackElo "2585"]
[Annotator "Gurevich,M"]
[PlyCount "79"]
[EventDate "1997.05.17"]
[EventType "swiss"]
[EventRounds "6"]
[EventCountry "FRA"]
[SourceTitle "CBM 060"]
[Source "ChessBase"]
[SourceDate "1997.09.29"]
[SourceVersion "1"]
[SourceVersionDate "1997.09.29"]
[SourceQuality "1"]

1. d4 d5 2. c4 c6 3. Nf3 Nf6 4. Qc2 dxc4 5. Qxc4 Bf5 6. g3 e6 7. Bg2 Be7 8. O-O
O-O 9. Nc3 Nbd7 10. e3 Ne4 11. Qe2 Nxc3 12. bxc3 Be4 13. c4 Qa5 $5 (13... c5
14. Bb2 Qc7 15. Rac1 Rae8 $13 {Yudasin,L-Akopian,V/It (cat.14), I-II, Haifa 
(Israel) 1995}) 14. Bb2 {TN} (14. Nd2 Bxg2 15. Kxg2 e5 16. Bb2 exd4 17. exd4
Rfe8 18. Qd3 Rad8 19. Bc3 Qh5 20. Qf3 $11 {1-0 Lengyel,L-Acs,P Budapest FS
1995 (38)}) 14... Rfd8 15. Rfd1 Qh5 $5 (15... Rac8 16. c5 b6 17. cxb6 axb6 18.
a4 $13) 16. h3 Rac8 17. Rac1 c5 (17... Qa5 $5 {[/\18...c5]}) 18. g4 $5 Qh6 $5 (
18... Qg6 19. dxc5 $1 Bxf3 (19... Bxc5 20. Nh4 $16) 20. Bxf3 Nxc5 21. Bd4 b6
$11) 19. Nd2 $6 (19. dxc5 $5 Nxc5 20. Rxd8+ Rxd8 21. Rd1 $36) 19... Bxg2 20.
Kxg2 cxd4 $1 21. exd4 $6 (21. Bxd4 e5 $5 22. Ba1 Qa6 $1 $36 {[/\23...f6, 24...
Nb6]}) 21... Nf8 $1 $40 {[/\Nf8-g6-f4]} 22. Qf3 (22. Ne4 Ng6 23. Qe3 Nf4+ 24.
Kh2 f5 $1 $36) 22... Ng6 23. Kf1 {[/\24.Ne4]} f5 $1 (23... Nf4 24. Rc3 Rxd4 25.
Qxb7 Re8 26. Re3 $13) (23... Bg5 24. Ne4 $1 $13 Bxc1 $2 25. Bxc1 Qh4 26. Bg5
$18) 24. Nb3 (24. gxf5 Rf8 $1 $40) 24... Rf8 $5 25. Rc2 Nf4 26. Bc1 (26. Re1 b5
$1 27. c5 Nxh3 $17) 26... Qxh3+ 27. Qxh3 Nxh3 $17 28. gxf5 Rxf5 29. Kg2 (29.
Re1 $2 Rxc4 $1 30. Rxc4 Rxf2#) 29... Nf4+ 30. Bxf4 Rxf4 31. c5 b6 $1 32. Re1
Kf7 33. Rce2 bxc5 34. Rxe6 Bh4 $138 35. dxc5 Rxf2+ 36. Kh3 Rf4 37. R1e3 Rc7 38.
Ra6 Bf6 39. Rd3 Rc4 40. Kg3 0-1

[Event "NED-chT f"]
[Site "Breda"]
[Date "1997.??.??"]
[Round "2"]
[White "Brenninkmeijer, Joris"]
[Black "Gurevich, Mikhail"]
[Result "0-1"]
[WhiteElo "2505"]
[BlackElo "2585"]
[Annotator "Gurevich,M"]
[PlyCount "144"]
[EventDate "1997.05.31"]
[EventType "team"]
[EventRounds "1"]
[EventCountry "NED"]
[SourceTitle "CBM 058 Extra"]
[Source "ChessBase"]
[SourceDate "1997.07.29"]
[SourceVersion "1"]
[SourceVersionDate "1997.07.29"]
[SourceQuality "1"]
[WhiteTeam "Hilversum HSG"]
[BlackTeam "Panfox"]
[WhiteTeamCountry "NED"]
[BlackTeamCountry "NED"]

1. d4 d5 2. c4 c6 3. Nf3 Nf6 4. Qc2 dxc4 5. Qxc4 Bf5 6. g3 e6 7. Bg2 Nbd7 8.
O-O Be7 9. Nc3 O-O 10. e3 Ne4 11. Nd2 Nxd2 12. Bxd2 e5 13. e4 exd4 14. exf5
dxc3 15. Bxc3 Bf6 16. Rad1 Qc7 17. b4 $5 {TN} (17. Bxf6 Nxf6 18. g4 h6 19. Bf3
Rad8 20. h4 Qe5 21. Kg2 Qxb2 22. g5 Nd5 23. Bxd5 Rxd5 24. Rxd5 cxd5 25. Qxd5
Qe2 26. Qf3 Qxa2 {1/2 1/2 Lputian,S-Supatashvili,K/Ankara zt (6) 1995}) 17...
Rad8 (17... Bxc3 18. Qxc3 Rad8 19. g4 $5 $36) 18. Bxf6 $6 (18. Bd2 $5 Ne5 19.
Qc2 Nd3 20. b5 $14) 18... Nxf6 19. Qc5 a6 $5 (19... Qb6 20. Qxb6 axb6 21. b5
$11) 20. a4 h6 21. h3 Rfe8 22. Rxd8 (22. Rfe1 Rxd1 23. Rxd1 Re5 $1 $15) 22...
Qxd8 $5 23. b5 Qa5 $15 24. Rc1 Re1+ (24... axb5 25. axb5 cxb5 26. Bf1 $11) (
24... cxb5 $5 25. axb5 b6 26. Qd4 Re1+ (26... Qxb5 27. Bc6 Qe5 28. Qxb6 $11)
27. Rxe1 Qxe1+ 28. Kh2 axb5 29. Qxb6 b4 $15) 25. Rxe1 Qxe1+ 26. Kh2 axb5 27.
axb5 cxb5 28. Qxb5 (28. Qc8+ Kh7 29. Qxb7 b4 30. Qxf7 Qxf2 $15) 28... Qxf2 29.
Qxb7 Qxf5 $15 30. Qf3 Qe5 31. Bf1 Qb2+ 32. Qe2 Qd4 33. Qd3 Qf2+ 34. Bg2 g6 35.
Qf3 Qb2 36. Kg1 Kg7 37. Qf2 Qe5 38. Bf3 Nd7 39. Kg2 Nc5 40. Qd2 Ne6 41. Qe2 Qc5
42. h4 Nd4 43. Qe3 Qc2+ 44. Kg1 Qb1+ 45. Kh2 Qb2+ 46. Bg2 Nf5 47. Qf4 Qe2 48.
Kh3 Qb2 49. Be4 (49. h5 $5 Qe2 $5 50. Bf3 (50. hxg6 Qh5+ $19) (50. g4 $1 Qe3+
51. Qxe3 Nxe3 52. hxg6 Nxg2 53. Kxg2 fxg6 54. Kf3 Kf7 55. Kf4 $11) 50... Qf1+
51. Kh2 Qf2+ 52. Kh3 Kf6 $15) 49... Ne7 50. Bf3 Ng8 51. Bd5 Nf6 52. Bf3 Nd7 53.
Qe3 Ne5 54. g4 Nc4 55. Qd3 Ne5 56. Qe3 Qb5 57. Kg3 Qb8 58. Kg2 Qd6 59. Kh3 (59.
g5 $5 $15) 59... Qf6 60. Be2 g5 61. h5 $2 (61. hxg5 hxg5 62. Kg3 $15) 61... Qd6
62. Kg2 Kf6 $1 63. Qe4 Qc6 $19 64. Qxc6+ Nxc6 65. Bc4 Nd8 66. Kf3 Ke5 67. Ke3
f6 68. Bd3 Nc6 69. Bf5 Ne7 70. Bd7 f5 $1 71. gxf5 Nd5+ 72. Kf3 Nf6 0-1

[Event "Hoogeveen Essent op"]
[Site "Hoogeveen"]
[Date "2004.10.21"]
[Round "7"]
[White "Khenkin, Igor"]
[Black "Gurevich, Mikhail"]
[Result "0-1"]
[WhiteElo "2587"]
[BlackElo "2644"]
[Annotator "Gurevich,M"]
[PlyCount "128"]
[EventDate "2004.10.15"]
[EventType "swiss"]
[EventRounds "9"]
[EventCountry "NED"]
[SourceTitle "CBM 102 Extra"]
[Source "ChessBase"]
[SourceDate "2004.11.03"]
[SourceVersion "1"]
[SourceVersionDate "2004.11.03"]
[SourceQuality "1"]

1. d4 d5 2. c4 c6 3. Nf3 Nf6 4. Qb3 dxc4 5. Qxc4 Bf5 6. g3 e6 7. Bg2 Nbd7 8.
Nc3 Be7 9. O-O O-O 10. Re1 Ne4 11. Qb3 Qb6 12. Nh4 Bxh4 (12... Bb4 13. Bxe4
Bxe4 14. Bd2 Bxc3 15. Qxc3 h6 16. f3 Bh7 17. Be3 Nf6 18. Bf2 Nd5 19. Qd2 Qb4
20. Red1 Rfd8 21. Ng2 a5 22. Rac1 {1/2-1/2 Landa,K-Vallejo Pons,F/Bremen GER
2003/The Week in Chess 476 (22)}) 13. gxh4 Nef6 (13... Nxc3 14. Qxc3 Bg6 15.
Bf4 Rfe8 16. Rad1 f6 17. e4 e5 18. Be3 Qc7 19. d5 Bf7 20. Bh3 $14 {0-1
Ivanchuk,V-Bareev,E/Monaco 2002/CBM 87 ext (28)}) 14. Qxb6 (14. e4 Bg6 15. Be3
Ng4 16. Qxb6 Nxb6 17. Bf4 Rad8 18. Rad1 Nf6 19. b3 $14 {0-1 Khenkin,I-Naumann,
A/Bad Wiessee 2003/EXT 2004 (58)}) 14... axb6 15. Bf4 b5 16. Bd6 Rfc8 {N} (
16... Rfd8 17. a4 bxa4 18. Nxa4 Nf8 19. Be5 Ng4 20. Bg3 $14 {[Urban,K-Jaracz,P
Warsaw POL-ch 2003 0,5-0,5 (24)]}) 17. Nxb5 $5 (17. a4 bxa4 18. Nxa4 Ne4 $132)
17... cxb5 18. Bxb7 Nb6 $1 {[xa4]} 19. Bxa8 $6 (19. Be5 Nfd7 20. Bg3 Na4 $132)
19... Rxa8 20. b3 Ne4 $132 21. Bc5 Nd5 22. f3 Nxc5 23. dxc5 Nb4 $5 (23... Ne3
24. Rec1 (24. Kf2 Nc2 25. e4 Bg6 26. a4 f5 $1 $17 27. axb5 Nxa1 28. b6 Nxb3 29.
b7 Rf8 30. c6 Na5 31. Rc1 Kf7 $17) 24... Kf8 (24... Nc2 25. e4 Nxa1 26. exf5
$16) 25. c6 Ke7 26. c7 Rc8 27. a4 $13) 24. e4 Bh3 25. Red1 (25. a4 $2 Nc2 26.
axb5 Nxa1 27. b6 Nxb3 28. b7 Rb8 29. c6 e5 $19) 25... e5 26. a4 Nc2 27. Rac1
Nd4 28. axb5 $5 (28. Rxd4 $5 exd4 29. axb5 Kf8 (29... Ra5 30. b6 Rb5 31. Rc4
Rxb3 32. Rxd4 Kf8 33. Kf2 Rb5 (33... Ke7 34. Ra4 Bd7 35. Ra7 $16) 34. Ra4 Ke7
35. Ra7+ $16) 30. b6 Ke7 31. Kf2 (31. c6 Rb8 32. b7 Kd6 33. b4 (33. c7 Rxb7 34.
c8=Q Bxc8 35. Rxc8 Rxb3 $15) 33... Kc7 34. b5 Be6 $13) 31... Ra3 32. Rc4 Rxb3
33. Rxd4 Bd7 $15) 28... Nxb5 $13 (28... Ne2+ 29. Kf2 Nxc1 30. Rxc1 Kf8 31. b6
Rb8 32. b4 $16) 29. Ra1 Rc8 30. b4 Kf8 31. Ra6 $6 (31. Rd5 $5 Nd4 32. Kf2 f6
33. Ra6 $13) 31... Nd4 $15 32. Rda1 (32. Kf2 Rb8 33. Rb6 Ra8 34. f4 Ra2+ $132)
32... Nxf3+ 33. Kf2 Nd4 34. Ra8 Rxa8 35. Rxa8+ Ke7 36. Rg8 $5 Kf6 (36... g6 37.
h5 $132) 37. Rd8 Be6 38. Rb8 Bd7 39. Rb6+ Ke7 40. Rb7 Kd8 $5 41. h5 h6 42. h3
Ke8 43. Rb8+ Ke7 44. Rb7 Kd8 $1 45. h4 (45. Rb8+ Bc8 46. Ra8 Kc7 $19) 45... Ke8
46. Rb8+ Ke7 47. Rb7 Kd8 48. Ke3 $5 Kc8 49. Ra7 Kd8 (49... Nc2+ 50. Kf3 (50.
Kf2 Nxb4 51. Ra8+ Kc7 52. Rg8 Bc6 53. Rxg7 Bxe4 54. Rxf7+ Kc6 55. Rf6+ Kxc5 56.
Rxh6 $13) 50... Nxb4 51. Ra8+ Kc7 52. Rg8 Nc2 53. Rxg7 Nd4+ 54. Kf2 f5 55. Rh7
$13) 50. Rb7 (50. Kd3 $5 Bb5+ 51. Kc3 Ke8 52. Kd2 $15) 50... f5 $5 51. exf5
Nxf5+ 52. Kd3 Bc6 53. Rf7 e4+ 54. Kc4 Bd7 $1 {[55...Ke8;xRf7]} 55. Rf8+ Ke7 56.
Ra8 e3 57. b5 $2 $138 (57. Ra1 Nxh4 58. b5 (58. Re1 Ng2 59. Re2 Bc6 60. Kd4 Bf3
$19) 58... Ng2 59. b6 (59. c6 e2 60. Kc5 e1=Q 61. Rxe1+ Nxe1 62. b6 Nd3+ 63.
Kb5 Ne5 $19) 59... Bc6 60. Kd3 Kd8 $15) 57... e2 58. Ra1 {Diagram} Bxb5+ $1 59.
Kxb5 Nd4+ 60. Kb6 Nc2 61. Ra7+ (61. Rc1 e1=Q 62. Rxe1+ Nxe1 63. c6 Nd3 64. c7
Kd7 65. Kb7 Nc5+ $19) 61... Kf6 62. c6 e1=Q 63. c7 Qb4+ 64. Ka6 Nd4 (64... Nd4
65. Rb7 (65. c8=Q Qb5#) 65... Qa4+ 66. Kb6 Qb5+ 67. Ka7 Nc6+ 68. Ka8 Qa6+) 0-1

[Event "Istanbul op 5th"]
[Site "Istanbul"]
[Date "2006.09.06"]
[Round "8"]
[White "Gurevich, Mikhail"]
[Black "Vysochin, Spartak"]
[Result "1-0"]
[WhiteElo "2643"]
[BlackElo "2555"]
[Annotator "Gurevich,M"]
[PlyCount "119"]
[EventDate "2006.08.30"]
[EventType "swiss"]
[EventRounds "9"]
[EventCountry "TUR"]
[SourceTitle "EXT 2007"]
[Source "ChessBase"]
[SourceDate "2006.11.23"]
[SourceVersion "1"]
[SourceVersionDate "2006.11.23"]
[SourceQuality "1"]

1. d4 d5 2. c4 c6 3. Nf3 Nf6 4. Qb3 dxc4 5. Qxc4 Bg4 6. Nc3 (6. Nbd2) 6... Nbd7
(6... e6 7. e4 Bxf3 8. gxf3 b5 9. Qd3 a6 10. Be3 Nbd7 11. O-O-O g6 12. d5 cxd5
13. exd5 e5 14. Kb1 Bg7 15. d6 O-O 16. Bh3 Kh8 17. Ne4 Nb6 18. d7 Nfd5 19. Nd6
Qh4 20. Bxb6 Nxb6 21. Nxf7+ $16 {1-0 Yevseev,D-Dreev,A/Sochi RUS 2006/The Week
in Chess 598 (35)}) 7. e4 Bxf3 8. gxf3 e5 (8... e6 9. Be3 Be7 10. Qb3 Qb6 11.
O-O-O Qxb3 12. axb3 O-O 13. f4 a6 14. Bh3 Rfe8 15. e5 Nd5 16. Nxd5 cxd5 17. f5
Nf8 18. f4 exf5 19. Bxf5 g6 20. Bd3 f5 21. Kd2 Ne6 $11 {1/2-1/2 Gelfand,
B-Gagunashvili,M/Rishon Le Zion ISR 2006/The Week in Chess 618 (29)}) 9. Be3
exd4 $5 {TN} (9... Qa5 10. O-O-O exd4 11. Bxd4 Bd6 12. Bh3 Bf4+ 13. Kb1 Ne5 14.
Qb3 c5 15. Be3 Bxe3 16. fxe3 O-O 17. f4 c4 18. Qa3 Qxa3 19. bxa3 Nd3 20. e5 Ne8
21. Rd2 Nc7 22. Bf5 $14 {1/2-1/2 Vaganian,R-Fressinet,L/Saint Vincent 2005/
Mega2006 (43)}) 10. Bxd4 (10. Qxd4 Bc5 11. Qd2 Qe7 12. O-O-O O-O-O $132) 10...
Bd6 11. Rg1 O-O 12. O-O-O Qc7 (12... Bxh2 13. Rg2 Bf4+ 14. Kb1 $36) 13. Bh3 Ne5
14. Qf1 Nh5 (14... Ng6 $5 {[/\Nf6-h5-f4]} 15. Bxf6 gxf6 16. Bf5 Kh8 $13) 15.
Bf5 Ng6 16. Kb1 Rfd8 17. Qc4 Be5 (17... b5 18. Qb3 Be5 19. Be3 $13) 18. Bxg6
hxg6 19. Be3 Rxd1+ (19... Bxh2 20. Rxd8+ Rxd8 21. Rxg6 b5 22. Qb3 $13) 20. Rxd1
Bxh2 21. Qd3 $44 {[/\22.Qd7]} Be5 22. Ne2 Nf4 23. Nxf4 Bxf4 24. Qd7 b6 $6 (
24... Qxd7 25. Rxd7 Bxe3 26. fxe3 b6 27. Kc2 $44) 25. Bxf4 Qxf4 26. Qxc6 Rf8
27. Qc3 $14 {[+]} Qh4 28. Qd4 Qh5 29. Qe3 Rc8 30. a3 Qb5 31. f4 Qc6 32. Rd4 Re8
33. Qd3 Qf6 34. Qd2 Qh4 35. Ka2 Qg4 36. Qe3 Qe6+ 37. Ka1 Rc8 38. Kb1 Re8 39. f3
Rc8 40. Qd3 Qf6 41. Qd2 Qh4 42. Ka2 Qh3 43. Rd3 Qe6+ 44. Kb1 Qc4 45. Qd1 $5 {
[/\46.Rd7]} Qc7 46. Rd6 Qc5 47. Rd7 Qe3 $2 (47... a5 48. Ka2 {[/\49.Qb3|^]}
Qc4+ 49. Qb3 a4 50. Qxc4 Rxc4 $11) {Diagrama} 48. Rxf7 $1 a5 (48... Kxf7 49.
Qd7+ Kg8 50. Qxc8+ Kh7 51. Qh3+ Kg8 52. Qe6+ Kh7 53. f5 $16) 49. Rxg7+ $1 Kxg7
50. Qd7+ Kh6 51. Qxc8 Qxf4 (51... Qxf3 52. Qh8#) 52. Qc1 $1 $18 Kg5 53. e5 (53.
a4 Qxc1+ 54. Kxc1 Kf4 55. Kd2 g5 56. Kd3 $18) 53... Qxc1+ 54. Kxc1 Kf5 55. f4
g5 56. e6 Kxe6 57. fxg5 Kf5 58. Kc2 Kxg5 59. Kc3 Kf5 60. Kc4 1-0

[Event "Cappelle op 15th"]
[Site "Cappelle la Grande"]
[Date "1999.02.19"]
[Round "8"]
[White "Gurevich, Mikhail"]
[Black "Agdestein, Simen"]
[Result "1/2-1/2"]
[WhiteElo "2627"]
[BlackElo "2550"]
[Annotator "Gurevich,M/Winants"]
[PlyCount "145"]
[EventDate "1999.02.13"]
[EventType "swiss"]
[EventRounds "9"]
[EventCountry "FRA"]
[SourceTitle "CBM 070"]
[Source "ChessBase"]
[SourceDate "1999.06.08"]
[SourceVersion "1"]
[SourceVersionDate "1999.06.08"]
[SourceQuality "1"]

1. d4 d5 2. c4 c6 3. Nf3 Nf6 4. Qb3 dxc4 5. Qxc4 Bf5 6. Nc3 e6 7. g3 Be7 8. Bg2
Nbd7 9. O-O O-O 10. e3 Ne4 11. Rd1 Rc8 12. Qb3 Qc7 13. Ne1 Nxc3 14. bxc3 e5 15.
e4 Bg4 16. Nf3 c5 17. Be3 cxd4 18. cxd4 exd4 19. Bxd4 Bf6 20. Bxf6 Nxf6 21. h3
Bh5 22. Qe3 Qc5 23. Rd4 Bxf3 24. Bxf3 Rfe8 25. Rad1 h6 26. Bg2 Rc7 27. Kh2 Rce7
28. Rc1 Qa5 29. Rc2 Rc7 30. Rcd2 Rce7 31. Rb2 Qh5 32. Bf3 Qc5 33. Qd3 Nh7 34.
Rc2 Qa5 35. Bg2 Nf8 36. f4 Rc7 37. Rd5 Qb6 38. Rb5 Rxc2 (38... Rd7 39. Rxb6
Rxd3 40. Rxb7) 39. Rxb6 Rxg2+ 40. Kxg2 axb6 41. e5 g6 42. Qb5 (42. Qe3 Rc8 43.
a3 Rc6 (43... Rc2+ 44. Kg1 Ne6 45. g4 g5 46. f5 Nf4 47. Qxb6) 44. g4) 42... Rc8
43. a4 (43. Qxb6 Rc2+ 44. Kg1 Rxa2 45. Qxb7 Ra1+ 46. Kf2 Ra2+ 47. Ke1 Ra1+ 48.
Kd2 Ra2+ 49. Kc1 Ra3) 43... Rc6 44. Qd3 Ne6 45. h4 h5 46. f5 gxf5 47. Qxf5 Rc4
48. Qxh5 Rxa4 49. Qf3 Ra5 50. Qf5 (50. Qxb7 Kg7 (50... Rxe5 51. Qb8+) 51. Qe4
Rc5) 50... b5 51. Qg4+ (51. h5 b4 (51... Ra6 52. h6 Nf8) 52. h6 b3 53. h7+ Kg7
54. h8=Q+ Kxh8 55. Qxf7 Ng7 56. Qxb7 Rxe5 57. Qxb3 Re6) 51... Kh7 52. Qb4 b6
53. Qb1+ Kg8 54. Kh3 b4 55. Qxb4 Rxe5 56. Qxb6 Nf8 57. Qb8 Re4 58. h5 f6 59.
Qb7 Re5 60. g4 Rg5 61. Qe7 Nh7 62. h6 Kh8 63. Kg3 Rg6 64. Qe8+ Rg8 65. Qf7 Rg5
66. Kf4 Rg8 67. Qe6 Rg6 68. Qc8+ Rg8 69. Qc2 Rg5 70. Qd1 Rg6 71. Kf5 Rxh6 72.
Qd8+ Kg7 73. Qe7+ 1/2-1/2

[Event "Nord West Cup 12th"]
[Site "Bad Zwischenahn"]
[Date "2010.02.20"]
[Round "5"]
[White "Ivanov, Mikhail M"]
[Black "Nyzhnyk, Illya"]
[Result "0-1"]
[WhiteElo "2465"]
[BlackElo "2495"]
[Annotator "Gutman,L"]
[PlyCount "66"]
[EventDate "2010.02.18"]
[EventType "swiss"]
[EventRounds "7"]
[EventCountry "GER"]
[SourceTitle "EXT 2011"]
[Source "ChessBase"]
[SourceDate "2010.11.26"]
[SourceVersion "1"]
[SourceVersionDate "2010.11.26"]
[SourceQuality "1"]

1. d4 d5 2. Nf3 Nf6 3. c4 dxc4 4. Qa4+ Nbd7 5. Nc3 a6 6. e4 e6 7. Bxc4 Rb8 8.
Qc2 b5 9. Be2 ({Interessant ist} 9. Bd3 Bb7 10. Bf4 {, von Alexander Huzman in
Kommentaren zu der Partie Tregubov-van Wely, Warschau 2005, ChessBase,
ausführlich untersucht.}) 9... Bb7 10. e5 Nd5 11. Bg5 ({Wie auch} 11. O-O $5 c5
{, von Huzman zu der Rapidpartie Ljubojevic-Van Wely, Amber 2000, ChessBase,
behandelt.}) 11... Qc8 12. a4 ({Ein neuer Versuch. Nach} 12. O-O c5 13. Nxd5 ({
falls} 13. Qd2 {, so} h6 $5) 13... Bxd5 14. Qd2 (14. Rac1 h6 15. Be3 c4 $11 {
ergab Ausgleich in Trifonov-A. Ivanov, Moskau 2007}) 14... h6 ({aber nicht} 
14... cxd4 15. Rfc1 Qb7 16. Qxd4 Qb6 17. Be3 Qxd4 18. Bxd4 g6 19. a4 $14 {
mit besserem Spiel für Weiß}) 15. Be3 c4 {kann Schwarz sich gut behaupten.})
12... h6 13. Bd2 ({Vorzuziehen war} 13. Nxd5 Bxd5 14. Bd2 Be7 15. O-O O-O 16.
Rfc1 c6 $11 {mit etwa gleichen Chancen.}) 13... c5 ({Der Junge verpasst die
Möglichkeit durch} 13... Nb4 $5 14. Qd1 c5 15. dxc5 Bxc5 16. axb5 axb5 17. O-O
O-O $15 {die Initiative zu übernehmen.}) 14. axb5 ({Solider erscheint} 14. Nxd5
Bxd5 15. axb5 axb5 16. O-O Be7 17. dxc5 Qxc5 18. Qxc5 Bxc5 19. Ra5 Ke7 $11 {
mit Ausgleich.}) 14... Nb4 15. Qa4 $6 ({Das kleinere Übel wäre} 15. Qd1 Bxf3
16. Bxf3 cxd4 17. O-O {, wenn auch die schwarzen Perspektiven nach} dxc3 18.
bxc3 Nd3 19. bxa6 N3xe5 20. Be4 f5 21. a7 fxe4 22. axb8=Q Qxb8 $15 {höher
einzuschätzen sind.}) 15... Bxf3 $6 ({Klaren Vorteil ergab} 15... cxd4 $1 16.
Nxd4 Nc5 $17) 16. gxf3 $6 (16. Bxf3 {ist eher am Platze.}) 16... cxd4 17. bxa6
dxc3 18. Bxc3 Nd5 19. Bb5 ({Minder ratsam ist} 19. O-O Bc5 20. Bb5 Nxc3 21.
bxc3 Ke7 $17 {mit Vorteil für Schwarz.}) 19... Bc5 20. Bc6 ({In Betracht kam} 
20. Rc1 $5 {, wonach der Druck auf der c-Linie Schwarz zu gewissen materiellen
Zugeständnissen zwingt. Die stärkste Erwiderung ist} N5b6 $5 ({sowohl} 20...
Rxb5 21. Qxb5 O-O 22. O-O $11) ({als auch} 20... Ke7 21. Bd4 Bxd4 22. Rxc8
Rhxc8 23. Bxd7 Rc1+ 24. Kd2 Rxh1 25. Qxd4 Rd8 26. Kc2 Kxd7 27. Qa4+ Ke7 28.
Qa3+ Ke8 $11 {dürfte Weiß zufriedenstellen}) 21. Qe4 Bxf2+ 22. Ke2 Qc5 23.
Bxd7+ Nxd7 24. Rhf1 Qa7 25. Rxf2 Qxa6+ 26. Qd3 Qa4 $15 {mit besseren
Aussichten für Schwarz.}) 20... Ba7 21. O-O N5b6 22. Qe4 O-O 23. Bd4 f5 24. Qc2
Qc7 25. f4 $2 ({Zeitprobleme, mehr Widerstand konnte Weiß nach} 25. Qc3 Rfc8
26. Rac1 Nf8 27. Rfd1 Qf7 $15 {leisten.}) 25... Rbc8 26. Rfc1 Nb8 27. Ba4 Qd8
28. Bc3 Nd5 29. Rd1 Qh4 30. Rxd5 exd5 31. Qd3 Qxf2+ 32. Kh1 Qxf4 33. Qxd5+ Kh7
0-1

[Event "Women-Veterans"]
[Site "London"]
[Date "1996.??.??"]
[Round "5"]
[White "Hort, Vlastimil"]
[Black "Polgar, Sofia"]
[Result "1-0"]
[WhiteElo "2545"]
[BlackElo "2480"]
[Annotator "Har Zvi,R"]
[PlyCount "45"]
[EventDate "1996.08.15"]
[EventType "schev"]
[EventRounds "5"]
[EventCountry "ENG"]
[SourceTitle "CBM 055"]
[Source "ChessBase"]
[SourceDate "1996.12.01"]
[SourceVersion "1"]
[SourceVersionDate "1996.12.01"]
[SourceQuality "1"]

1. d4 {Petursson} d5 2. c4 c6 3. Nf3 Nf6 4. Qb3 dxc4 5. Qxc4 e6 {a very
strange move the main line of course is Bf5 and only after the bishop is out
playing e6,other moves are Bg4.Be6 and g6 but this move really seems pointless}
(5... g6 6. g3 Bg7 7. Bg2 Be6 8. Qc2 (8. Qa4) 8... Bf5 9. Qa4 Nbd7 10. O-O O-O
11. Nc3 a5 (11... Ne4 $5) 12. Qd1 Nb6 13. Ne5 Nfd7 14. e4 Nxe5 $1 (14... Be6
15. Nf3 Bg4 16. h3 Bxf3 17. Bxf3 $14) 15. exf5 Nec4 16. fxg6 hxg6 $13 {
Andersson,U-Hort,V Buenos Aires 1980}) (5... Be6 6. Qc2 (6. Qa4 Nbd7 7. Nc3 Nb6
8. Qc2 g6 9. e4 Bg7 10. Be2 O-O 11. O-O $14 {Petrosian,A-Luke,R Moscow GM 1991}
) 6... Bd5 (6... Qa5+) 7. e3 Nbd7 8. Be2 Be4 9. Qb3 Qb6 10. Qxb6 axb6 11. Nc3
Bg6 12. O-O e6 13. Bd2 Bd6 $13 {/=/+ Konopka,M-Borik,O Bl2-N 9394}) 6. g3 c5 $2
{this move is already not good opening the h1-a8 diagonal only serves white,
and indeed in the very near future black will have to face serious problems
because of this fact} (6... Nbd7 7. Bg2 Bd6 8. Bf4 (8. O-O Qe7 9. Qc2 O-O 10.
Nc3 e5 11. Rd1 Re8 12. Bg5 h6 13. dxe5 Bxe5 14. Nxe5 hxg5 15. Nc4 Ne5 16. Nd6
Rd8 17. Nxc8 Raxc8 $13 {Serebrjanik,A-Fridman,D Netanya Maccabiah 1993}) 8...
Qc7 9. Bxd6 Qxd6 10. Nc3 O-O 11. Rd1 e5 12. O-O exd4 13. Nxd4 Nb6 14. Qd3 Qe7
15. Nf5 Bxf5 16. Qxf5 Rad8 $10 {Benko,P-Schoen,W Augsburg 1986}) (6... Be7 7.
Bg2 O-O 8. O-O b5 9. Qc2 Bb7 10. Rd1 Nbd7 11. Nc3 a6 12. Bg5 h6 13. Bxf6 Nxf6
14. Ne5 Rc8 15. a4 $1 $16 {Asanov,B-Ilincic,Z Alma-Ata 1989}) 7. Nc3 cxd4 8.
Nxd4 a6 9. Bg2 Nbd7 10. O-O {at this point it is already clear black opening
play was a big failure} Ne5 $6 11. Qa4+ Bd7 (11... Qd7 12. Ndb5 $1 Rb8 13. Bf4
(13. Rd1 axb5 14. Nxb5) 13... axb5 14. Nxb5 Nc6 15. Bxb8 Nxb8 16. Rfd1 Nd5 17.
e4) 12. Qb3 Bc5 $6 13. Be3 (13. Rd1) 13... Rb8 (13... Nfg4) 14. Rad1 {now
white is threatening Nxe6} (14. Nxe6 $4 Bxe6) (14. Nc6 $4 bxc6 $19) 14... Qe7
$2 15. Bf4 Bd6 {Petursson: White has achieved an ideal Catalan setup, but
still hias next move is surprisingly strong:} 16. Ncb5 axb5 17. Nxb5 Nf3+ $2 {
this move is like resigning} (17... Bxb5 18. Qxb5+ Nfd7 {this is of course the
main line in this piece sacrifise which white had to see but this defence can
not save black} 19. Rd2 {Petursson: Black is defenseless against the doubling
of the White rooks on the d file.} Rc8 $1 (19... O-O 20. Rfd1 Bb4 21. Rd4 $18)
(19... Rd8 20. Rfd1 Bc7 (20... Bb4 21. Bxe5 $1 Bxd2 22. Rxd2 Qg5 (22... f6 23.
Bd6 Qf7 24. Bxb7) 23. f4 Qg6 24. Bxb7 {and black is hopeless}) 21. Bxe5 Bxe5
22. Bxb7 $18) 20. Rfd1 (20. Bxe5 Bxe5 21. Rfd1) 20... Bb4) 18. Qxf3 Bxf4 19.
Qxf4 e5 20. Nc7+ Kd8 21. Qd2 Rc8 22. Nd5 Nxd5 23. Qxd5 1-0

[Event "Chigorin Memorial 07th"]
[Site "St Petersburg"]
[Date "1999.11.07"]
[Round "6"]
[White "Rashkovsky, Nukhim N"]
[Black "Riazantsev, Alexander"]
[Result "1/2-1/2"]
[WhiteElo "2513"]
[BlackElo "2417"]
[Annotator "Hecht,H"]
[PlyCount "120"]
[EventDate "1999.11.02"]
[EventType "swiss"]
[EventRounds "9"]
[EventCountry "RUS"]
[SourceTitle "CBM 074"]
[Source "ChessBase"]
[SourceDate "2000.02.01"]
[SourceVersion "1"]
[SourceVersionDate "2000.02.01"]
[SourceQuality "1"]

1. d4 d5 2. Nf3 Nf6 3. c4 c6 4. Qb3 dxc4 5. Qxc4 Bf5 6. g3 e6 7. Bg2 Nbd7 8.
O-O Be7 9. Nc3 O-O 10. a4 c5 11. a5 Rc8 12. d5 exd5 13. Nxd5 Be6 14. e4 Bxd5
15. exd5 Bd6 16. Re1 Qc7 17. Bd2 Rfe8 18. Bc3 Rxe1+ 19. Rxe1 Re8 20. Rxe8+ Nxe8
21. Qe2 Nef6 22. Nd2 Qd8 23. Nc4 Ne8 24. Bh3 Ndf6 25. Bg2 Kf8 26. f4 Be7 27.
Qd3 Nd6 28. Ne5 Qc7 29. b3 Kg8 30. g4 Nfe8 31. g5 f6 32. gxf6 gxf6 33. Bh3 fxe5
34. Be6+ Kh8 35. fxe5 Ng7 36. exd6 Bxd6 37. h3 Be5 38. Qf3 Bf4 39. Qh5 Be3+ 40.
Kg2 Bd4 41. Bxd4 cxd4 42. Qf3 Nxe6 43. dxe6 Qc2+ 44. Kf1 Qc1+ 45. Kf2 Qc2+ 46.
Qe2 Qxe2+ 47. Kxe2 {[#] Zwar hat Weiß Raumvorteil und die bessere
Königsstellung, doch reicht dies nicht zu mehr als zu einem typischen
Pattschluß. Die Sache ist leicht verständlich. FRITZ6 bestätigt das Remis.} Kg7
48. Kd3 Kf6 49. Kxd4 Kxe6 50. Kc5 Ke5 51. b4 h5 52. h4 Ke6 53. b5 Ke5 54. a6
b6+ (54... bxa6 55. bxa6 Ke4 56. Kc6 Ke5 57. Kb7 Kd6 58. Kxa7 Kc7 59. Ka8 Kb6
60. a7 Kc7) 55. Kc6 Ke6 56. Kc7 Ke7 57. Kb8 Kd8 58. Kxa7 Kc7 59. Ka8 Kc8 60. a7
Kc7 1/2-1/2